000 00577nam a2200181Ia 4500
999 _c3268
_d3268
003 OSt
005 20200818132141.0
008 190216s9999||||xx |||||||||||||| ||und||
020 _a9780030157097
040 _coclc
082 _a540
_bWHI/G
100 _aWhitten, Kenneth W
_94196
245 0 _aGeneral Chemistry and General Chemistry With Qualitative Analysis /
_cKenneth W Whitten ; Richard M Hedges
260 _bSaunders College Publishing,
_aNew York:
_c1981.
300 _a388p
650 _aChemistry
942 _cBK
_2ddc
_h540
_iWHI/G
_k540
_mWHI/G